000 00525nam a2200181 i 4500
001 143490
003 ES-MaACL
005 20250822032223.0
007 t|
008 070214s1982 sp r ||||1| spa d
100 1 _aSeoane, Julio.
_9105488
245 1 0 _aTeoría y métodos en psicología experimental /
_cJulio Seoane.
260 _aValencia :
_bAlfaplus,
_c1982.
300 _a175 p. ;
_c24 cm.
650 0 7 _aPsicología experimental
_2embne
_916564
852 _aES-MaACL
_jL-4185
_bR.104641
999 _c143490
_d143490